Filmographie d'Alexandre Desplat par images - #1 - Statistiques

Statistiques générales
  • Ce quiz a été pris 4 fois
  • Le résultat moyen est 11 sur 20
Statistiques - réponses
Par images Hint Réponse % Correct
2003 La Jeune Fille à la perle
100%
2022 Pinocchio
100%
2014 Godzilla
75%
2008 Largo Winch
75%
2010 Le Discours d'un roi
75%
2012 Les Cinq Légendes
75%
2017 Valerian et la Cité des mille planètes
75%
2009 Coco avant Chanel
50%
2022 Coupez !
50%
2009 Fantastic Mr. Fox
50%
2025 Frankenstein
50%
2006 La Doublure
50%
2017 L'Île aux chiens
50%
2014 Monuments Men
50%
2021 The French Dispatch
50%
2011 Carnage
25%
2015 Danish Girl
25%
2011 La Fille du puisatier
25%
2012 Moonrise Kingdom
25%
2012 Renoir
25%
Aucun quiz correspondant
Distribution des résultats
% des personnes avec chaque résultat
Percentile par nombre de réponses
Votre historique - résultats
Vous n’avez pas pris ce quiz